00722nam a2200217Ia 4500003000400000005001700004008004100021020001800062040001800080041000800098082002200106100001800128245014500146250001200291260004400303300002600347650005200373650003700425700002200462700002000484OSt20221209100308.0210716s2017 xx 000 0 und d a9781787127524 cAIMIT LIBRARY aeng a005.132 21bBALR aBali, Raghav. aLearning social media analytics with R :btransform data from social media platforms into actionable insights /cBy Raghav Bali ...[et.al.]. a1st ed. aMumbai :bPackt Publishing Ltd ,c2017. axiv,269 p.;c24.3 cm. aAnalyzing social networks and brand engagements aAnalyzing software collaboration aSarkar, Dipanjan. aSharma, Tushar.